Play activities for child development : (Record no. 8422)

MARC details
000 -LEADER
fixed length control field 00705cam a2200241ua 4500
001 - CONTROL NUMBER
control field 9371
005 - DATE AND TIME OF LATEST TRANSACTION
control field 20260515114447.0
008 - FIXED-LENGTH DATA ELEMENTS--GENERAL INFORMATION
fixed length control field 150813n ii |||gr||||Z||||||eng
020 ## - INTERNATIONAL STANDARD BOOK NUMBER
International Standard Book Number 8123742207
040 ## - CATALOGING SOURCE
Transcribing agency MAIN
041 ## - LANGUAGE CODE
Language code of text/sound track or separate title eng
082 ## - DEWEY DECIMAL CLASSIFICATION NUMBER
Classification number 155.4
100 ## - MAIN ENTRY--PERSONAL NAME
Personal name Swaminathan, Mina,
Relator term Author.
245 1# - TITLE STATEMENT
Title Play activities for child development :
Remainder of title a guide to preschool teachers /
Statement of responsibility, etc. by Mina Swaminathan .
250 ## - EDITION STATEMENT
Edition statement 1st ed./rep.
260 ## - PUBLICATION, DISTRIBUTION, ETC.
Place of publication, distribution, etc. New Delhi:
Name of publisher, distributor, etc. National book trust,
Date of publication, distribution, etc. 2005.
300 ## - PHYSICAL DESCRIPTION
Extent 214p.
653 ## - INDEX TERM--UNCONTROLLED
Uncontrolled term Differential & developmental psychology
653 ## - INDEX TERM--UNCONTROLLED
Uncontrolled term Child development
653 ## - INDEX TERM--UNCONTROLLED
Uncontrolled term Guide book to pre-school teachers
700 ## - ADDED ENTRY--PERSONAL NAME
Personal name Daniel, Prema,
Relator term Author.
942 ## - ADDED ENTRY ELEMENTS (KOHA)
Koha item type Books
Holdings
Withdrawn status Lost status Damaged status Not for loan Home library Current library Shelving location Date acquired Total checkouts Full call number Barcode Date last seen Copy number Price effective from Koha item type
        Naharkatiya College Library Naharkatiya College Library General stacks 09/19/2020   155.4 | SWA 16722 09/19/2020 1 09/19/2020 Books